000 00873nam a22002055i 4500
001 152648
003 ES-MaACL
005 20251005063119.0
008 040712s1892 po |||| | por d
040 _aCAM
_bspa
_cCAM
100 1 _aBrandão, Zeferino,
_d1842-1910
_9126147
245 1 0 _aEscola e serviço de torpedos /
_cpor Zephyrino Norberto Gonçalves Brandão.
260 _aLisboa :
_bImprensa Nacional,
_c1892.
300 _a14 p. ;
_c23 cm.
594 _aPrecede al tít.: Congresso Pedãgogico Hispano-Portuguez-Americano, Secção portugueza.
610 2 4 _aEscola e serviço de torpedos (Lisboa)-
_xHistoria.
_9134356
711 2 _aCongresso Pedagogico Hispano-Portuguez-Americano (
_d1892.
_cLisboa.)
_9135108
852 _aES-MaACL
_jT-1120-F-7
_z-- Enc. hol., conservando la cub. original
_z-- Enc. en un vol. facticio
999 _c152648
_d152648